000 01055cab a2200265 4500
001 ABS53734
008 090401t1995 xxu||||| |||| 00| 0 eng d
035 _a(Sirsi) u6292
041 _aeng
245 _aRivers v Dorset CC
260 _c1995
350 _a0
490 _aRating & Valuation Reporter
_v(1995) 35 RVR 177-180(4)
520 _aLT 11 May 1995. A claim for disturbance compensation arising from displacement due to compulsory purchase - under ss37 and ss38 of the Land Compensation Act 1973 ss 37 and 38. Dismissed as claimant not in lawful possession of the land, or carrying on a trade or business as claimed, and was a bankrupt.
650 _aCompulsory purchase
_96228
650 _aDISPLACEMENT
650 _aDISTURBANCE
650 _aLAND COMPENSATION ACT 1973 S37
650 _aLAND COMPENSATION ACT 1973 S38
650 _aLand use
_96251
650 _aPOSSESSORY TITLE
690 _aENVIRONMENTAL AND LAND CONSULTANCY-PLANNING AND DEVELOPMENT-COMPULSORY PURCHASE AND COMPENSATION
942 _n0
948 _c04/03/1997
999 _c3788
_d3788